El renacimiento: estudios de arte y poesía
Kaydedildi:
| Yazar: | |
|---|---|
| Materyal Türü: | Kitap |
| Dil: | İspanyolca |
| Baskı/Yayın Bilgisi: |
Barcelona
Iberia
1954
|
| Seri Bilgileri: | Obras maestras
|
| Konular: | |
| Etiketler: |
Etiketle
Etiket eklenmemiş, İlk siz ekleyin!
|
MARC
| LEADER | 00000nam a2200000 a 4500 | ||
|---|---|---|---|
| 001 | UCX7196 | ||
| 003 | CL-VaPUC | ||
| 008 | 931130e19540000SP |||||||||||||||||spa|d | ||
| 082 | 0 | 4 | |a 808.8003 |b PAT |2 21 |
| 100 | |a Pater, Walter Horatio |e autor |9 554561 | ||
| 245 | 1 | 3 | |a El renacimiento: estudios de arte y poesía |
| 300 | |a 230 p | ||
| 942 | |c BK | ||
| 945 | |d 19931130 00:00:00 |a rbrito | ||
| 260 | |a Barcelona |b Iberia |c 1954 | ||
| 650 | 7 | |a RENACIMIENTO ASPECTOS LITERARIOS |2 CL-VaPUC |9 324003 | |
| 650 | 7 | |a LITERATURA RENACENTISTA |2 CL-VaPUC |9 324004 | |
| 583 | |a last modification |c 19931130 00:00:00 |k Rodrigo Vera | ||
| 490 | 0 | |a Obras maestras | |
| 999 | |c 227088 |d 227086 | ||
| 952 | |0 0 |1 0 |4 0 |6 808_800300000000000_PAT_1954 |7 0 |8 P |9 225875 |a BIBARQ |b BIBARQ |d 2019-11-15 |i 2949342 |o 808.8003 PAT 1954 |p 2949342 |r 2025-01-20 |w 2019-11-15 |y BK |k ARQ | ||
| 952 | |0 0 |1 0 |4 0 |6 808_800300000000000_PAT_1954 |7 0 |8 A |9 225876 |a BIBHIS |b BIBHIS |d 2019-11-15 |i 3448398 |o 808.8003 PAT 1954 |p 3448398 |r 2025-01-20 |w 2019-11-15 |y BK |k HIS | ||
| 952 | |0 0 |1 0 |4 0 |6 808_800300000000000_PAT_1954 |7 0 |8 A |9 225877 |a BIBART |b BIBART |d 2019-11-15 |i 1205668 |o 808.8003 PAT 1954 |p 1205668 |r 2025-03-13 |w 2019-11-15 |y BK |k ART | ||